1511 1331 1339 1385 1728 1963 1012 1762 1568 1942 1083 1351 1567 1968 1614 1575 1104 1583 1409 1093 1925 1058 1017 1851 1450 1036 1223 1230 1738 1318 1354 1476 1798 1902 1026 1343 1051 1889 1221 1655 1532 1204 1080 1546 1633 1168 1756 1446 1703 1761 1343 1681 1506 1463 1309 1399 1811 1596 1037 1709 1004 1657 1521 1314 1450 1954 1179 1187 1205 1413 1769 1355 1415 1471 1092 1122 1056 1859 1882 1802 1248 1124 1390 1113 1963 1109 1339 1311 1415 1206 1961 1606 1106 1595 1637 1319 1151 1312 1756 BCNSPRNW ULIB Ver.6.0+V

เปลี่ยนเป็นภาษาไทย

Change to English
 แสดงรายละเอียดบรรณานุกรม
  กลับหน้าหลัก

Brief Record : Get Marc (ISO 2709) : E-mail record : QR code < ปิดหน้าต่าง
LEADER : 00000nam 2200000uu 4500
001    13399113425
003     ULIB
008    110627s2553||||th 000 0 tha d
020    9786167083070
090    นว.^bส988ส 2553
100 0  โสภี พรรณราย
245 00 สาปคฤหาสน์/^cโสภี พรรณราย
250    พิมพ์ครั้งที่ 1
260    กรุงเทพฯ :^bบิวตี้ บุ๊ค,^c2553
300    294 หน้า
710 1  บิวตี้บุ๊ค
945    ^p220^l0^i028018
995    ทศพร
999 ^a ใช้งานได้ทุกระบบ
รายการนี้ยังไม่มีแท็ก
คุณยังไม่ได้ล็อกอิน คุณสามารถมีกิจกรรมร่วมกับเว็บไซต์ได้ แต่ต้องล็อกอินก่อน ::
  ล็อกอิน

รายการสื่อสารสนเทศ

ลำดับที่ ประเภท เลขเรียก/บาร์โค้ด สถานที่ สถานะ
1. นวนิยาย
นวนิยาย
นว. ส988ส 2553 ฉ.1 
  Barcode: 028018
ห้องสมุดวิทยาเขตสวรรค์ประชารักษ์
►นวนิยาย
ถูกยืม กำหนดส่งวันที่ 15 ธันวาคม 2559
  จอง

รายการใกล้เคียง
    ผู้แต่ง [โสภี พรรณราย]

BibComment


ยังไม่เคยถูกคอมเมนท์

คอมเมนท์ทรัพยากรรายการนี้
  คอมเมนท์: สาปคฤหาสน์ โสภี พ..


 Copyright 2026. Bcnsprnw @Library